MORE Story Songs by Plot - Statistics

General Stats
  • This quiz has been taken 55 times
  • The average score is 7 of 20
Answer Stats
Plot Song % Correct
She's just a girl who claims that I was the one (but her kid was not my son) Billie Jean
90%
Musician knows all the regulars at the bar, including John the bartender Piano Man
76%
He's riding his horse til he can't no more Old Town Road
69%
She has a long list of ex-lovers who will tell you she's insane Blank Space
61%
The ex thinks so highly of himself, he probably thinks she wrote the song for him You're So Vain
53%
Overnight stay turns into a lifelong prison sentence (of their own device) Hotel California
47%
Twenty-somethings get high in the bathroom, party until the bar closes, find someone to carry them home We Are Young
43%
Future rock star goes to a rigid boarding school where they won't let him have pudding if he doesn't eat his meat Another Brick in the Wall
31%
Kid kills himself in front of his class Jeremy
25%
If he consummates their relationship, he must promise to marry her; he regrets it Paradise by the Dashboard Light
25%
Lola's man is killed by a mobster at the club where she worked Copacabana
24%
Everybody meets up at a dilapidated building to party: tin roof rusted Love Shack
24%
Remember when we made love in the green grass behind the stadium? Brown Eyed Girl
22%
Mom shows up at a PTA meeting to sock it to those hypocrites, after they sent an insulting note about her clothing and behavior Harper Valley PTA
20%
Abused girl gets revenge on her daddy with a bullet to his brain - she ain't never gonna be the same Janie's Got a Gun
16%
He knows that she's leaving for the cheating side of town Lyin' Eyes
14%
He kills people in fancy gloves and leaves their bodies oozing life Mack the Knife
14%
After a summer suicide up at Choctaw Ridge, a family is oblivious to the fact that their daughter was involved with him, eats apple pie Ode to Billie Joe
10%
Betty's parents made her break up with Jimmy, the big man on campus - but he drove too fast in the rain that same night Leader of the Pack
8%
Guy tries to pick up girls at a high class luncheon, movie theater, the beach, and Larry's wedding Bust a Move
6%
No matching quizzes found
Score Distribution
Percent of People with Each Score
Percentile by Number Answered
Your Score History
You have not taken this quiz